Family guy quiz - Statistics

General Stats
  • This quiz has been taken 1,261 times
    1,254 since last reset
  • The average score is 10 of 15
Answer Stats
Hint Answer % Correct
In the Star wars episodes, who is Darth Vader Stewie
92%
Who sleeps with Quagmires "dad" Brian
89%
Where is Peter's real dad from Ireland
88%
Who is Han Solo Peter
86%
Which of Peter's friends does Meg have a crush on Joe
82%
What is the news anchors name? Tom Tucker
77%
How many times has Lowis's sister been married (including adam west) 10
76%
Who has a crush on Meg Neil Goldman
75%
Everybody hates _____ Meg
72%
Who does Joe's leg surgery Dr. Hartman
60%
Who is head of the maids union Consuela
58%
What branch of the millitary was Herbert in? Air Force
51%
What English football team did Peter play for Silly Nanies
47%
What does Peter see when he puts on LaVar Burtons Star trek glasses The KKK
34%
Who wants to kill Tom Brady Jay Leno
25%
No matching quizzes found
Score Distribution
Percent of People with Each Score
Percentile by Number Answered
Your Score History
You have not taken this quiz since the last reset